Famous Johnnys (A-Z) Quiz Stats

 Plays Quiz Updated Nov 17, 2016

Score 0/26 Timer 08:00
0 Plays Today
Description Name % Correct
Long time host of The Tonight ShowJohnny Carson
88.5%
21 Jump Street Alumnus and star of Sweeney ToddJohnny Depp
88.3%
Legendary planter of fruit trees in the American midwestJohnny Appleseed
87.7%
The most widely distributed brand of blended Scotch whisky in the worldJohnnie Walker
64.7%
Star of MTV's 'Jackass' and 'The Dukes of Hazzard'Johnny Knoxville
62.7%
Cartoon character who never scores with the ladiesJohnny Bravo
60.8%
Hall of Fame quarterback who played most of his career with the Baltimore ColtsJohnny Unitas
56.8%
Cartoon kid who traveled the world with his father, pilot Race Bannon, his Indian friend Hadji, and his dog BanditJonny Quest
50.7%
Lead singer of the Sex Pistols, nee John LydonJohnny Rotten
47.2%
2003 Rowan Atkinson movie about a bumbling British secret service agentJohnny English
41.2%
Actor who portrays Leonard Hofstadter in the CBS sitcom The Big Bang TheoryJohnny Galecki
27.9%
Title character of a 1995 Keanu Reeves cyberpunk filmJohnny Mnemonic
27.3%
Cartoon character Johnny Test's super hero alter egoJohnny X
26.8%
Description Name % Correct
WKRP in Cincinnati DJ portrayed by Howard HessemanDr. Johnny Fever
24.5%
Country singer known for his rendition of 'Take This Job and Shove It!'Johnny Paycheck
24.4%
Southern rocker and lead singer of Lynyrd SkynyrdJohnny Van Zant
23%
Silversmith apprentice and titular character in Esther Forbes' 1943 novel about the American RevolutionJohnny Tremain
22.1%
Singer famous for the 1972 single 'I Can See Clearly Now'Johnny Nash
22%
Alter ego of superhero Human Torch from the Fantastic Four Johnny Storm
20.1%
Announcer for 'The Price Is Right' who made the phrase 'Come on down!' famousJohnny Olson
19%
Country singer of 'The Battle of New Orleans' and 'North to AlaskaJohnny Horton
14.8%
Green Bay Packers defensive end arrested for codeine possessionJohnny Jolly
10.2%
Ex-Confederate soldier who wandered the west. He was a Rebel.Johnny Yuma
9.5%
1947 Heisman Trophy winner who played quarterback for Notre DameJohnny Lujack
7.2%
Celebrity pastry chef and author of the book 'Dessert Foreplay'Johnny Iuzzini
2.4%
Trumpeter for Lawrence Welk, now a gospel musicianJohnny Zell
1.7%

You're not logged in!

Compare scores with friends on all Sporcle quizzes.
OR
Log In

Sporcle TV

Today on Sporcle TV


Watch our educational content, quiz creation guides, and fun videos on Sporcle TV.

Show Comments

Extras

Top Quizzes Today


Score Distribution

Your Account Isn't Verified!

In order to create a playlist on Sporcle, you need to verify the email address you used during registration. Go to your Sporcle Settings to finish the process.

Report this User

Report this user for behavior that violates our Community Guidelines.

Details: